00338nam a22001217a 450000500170000000800410001702000180005805000220007610000200009824500290011826000560014730000130020320250508101801.0250508b |||||||| |||| 00| 0 eng d a9781861524805 aHF5415b.I263 WIL aWilson, Dominic aOrganizational marketing aLondonbInternational Thomson Business Presscc1999 avi, 299p